000 00745nam a2200229 a 4500
001 000036368
003 OSt
005 20201202085006.0
008 120116s1984 xxua 000 0 eng d
040 _aDO-SdBNP
_bspa
_cBNPHU
082 _annn
_bA244i
245 0 0 _aAdvances in inflammation research /
_cvolume editor, Gerald Weissmann.
260 _aNew York :
_bRaven Press,
_c1984.
300 _av. ;
_c30 cm.
490 1 _aAdvances in inflammation research
_v8
500 _aLa biblioteca posee el v. 8 y 9
590 _aInventariado, 2019 /LP
650 2 4 _aInflamación
_xCongresos, conferencias, etc.
_962555
700 1 _aWeissmann, Gerald,
_eeditor
_962556
830 0 _aAdvances in inflammation research
_v8
_962557
942 _2ddc
_cLBS1
999 _c35859
_d35859